00955nam a2200193 a 4500001001000000003000400010005001700014008004100031040002500072082003800097110006900135245012100204260007300325300002000398501014400418610007900562651006000641651006000701000032375OSt20201123134328.0110714s1913 dr r 000 0 spa d aDO-SdBNPbspacBNPHU 4a359.0097293bR426m, 1912-19132221 aRepública DominicanabSecretaria de Estado de Guerra y Marina 00aMemoria que al ciudadano presidente de la república presenta el ciudadano secretario de estado de Guerra y Marina. aSanto Domingo :bSecretaria de Estado de Guerra y Marinac1913.-1914 a78 p. ;c28 cm. aEncuadernado con: Memoria que al presidente de la República presenta el Secretaria de Estado de Guerra y Marina, 1913, publicado en 1914 14aRepública Dominicana.bSecretaria de Estado de Guerra y MarinavInformes 4aRepública DominicanaxFuerzas ArmadasvInformesy1912 4aRepública DominicanaxFuerzas ArmadasvInformesy1913